| 000 | 00558nam a22001697a 4500 | ||
|---|---|---|---|
| 008 | 170509b xxu||||| |||| 00| 0 eng d | ||
| 020 | _a0-395-94219-5 | ||
| 082 |
_21999 _aDC 327.172 _bG11w |
||
| 100 |
_920717 _aGenest, Marc |
||
| 245 |
_aWorld politics: _bcontending ideas and opinions/ _cMarc Genest. |
||
| 260 |
_aBoulder: _bCoursewise Publihsing Inc., _cc1999. |
||
| 300 |
_axxii, 201 pages: _billustrations; _c27 cm. |
||
| 500 | _aIncludes index. | ||
| 650 | 0 |
_920718 _aInternational organization |
|
| 650 | 0 |
_920719 _aWorld politics _y1989 |
|
| 942 |
_2ddc _cDC |
||
| 999 |
_c6844 _d6844 |
||